Culture pas trop générale (3 : tennis) - Statistiques

Statistiques générales
  • Ce quiz a été pris 201 fois
  • Le résultat moyen est 9 sur 20
Statistiques - réponses
Questions Réponse % Correct
Quel joueur à remporté le plus de grand chelem en simple ? Novak Djokovic
98%
Qui est le seul français à avoir remporté Rolland Garros de l'ère open ? Yannick Noah
90%
Comment appelle-t-on un terrain de tennis Un Court
71%
Quelles sœurs ont remportés à elles deux 30 grands chelems ? Les sœurs Williams
68%
Quel été le métier de Roland Garros ? Aviateur
61%
Qui a été le plus jeune n°1 mondial ? Carlos Alcaraz
61%
Quel sport, ancêtre du tennis, est connu dans l'histoire de France ? Le jeu de paume
53%
Quelle joueuse est la seule à avoir réalisé le grand chelem durant l'ère open ? Steffi Graf
50%
Quelle joueuse française a remporté le plus de grand chelem ? Amélie Mauresmo
42%
Quel est le seul joueur a avoir remporté 2 fois la médaille d'or aux JO ? Andy Murray
38%
Citez l'un des 4 mousquetaires ayant remporté 6 fois d'affilé la coupe Davis dans les années 20/30 ? René Lacoste / Jean Borotra / Henri Cochet / Jacques Brugnon
38%
Combien de temps à duré le match le plus long ? 11h 05 min
37%
Quelle joueuse s'est faite poignarder en plein match ? Monica Seles
33%
Sam Groth détient le record du service le plus rapide, à quelle vitesse ? 263 km/h
32%
Quel joueur est parvenu à battre Nadal, Federer et Djokovic dans le même tournoi ? David Nalbandian
23%
En quelle année l'ATP a-t-il été créé ? 1973
22%
Quelle joueuse est la plus jeune personne à avoir remporté un grand chelem ? Martina Hingis
14%
En quelle année le tie-break a-t-il été introduit ? 1970
13%
Quelle joueuse détient le record absolu de titre du grand chelem toutes compétitions confondues (64) ? Margaret Smith
7%
En comptant le double, quel joueur à remporté le plus de grand chelem ? Roy Emerson
3%
Aucun quiz correspondant
Distribution des résultats
% des personnes avec chaque résultat
Percentile par nombre de réponses
Votre historique - résultats
Vous n’avez pas pris ce quiz